Song Text Wissen 3 - Statistiken

Allgemein
  • Dieses Quiz wurde 176 mal gespielt
  • Das Durchschnittsergebnis liegt bei 137 aus 220
Antwortstatistiken
Antwort % Korrekt
der
93%
ich
93%
ein
91%
dein
85%
stern
85%
den
82%
namen
82%
deinen
81%
himmel
81%
trägt
81%
am
80%
dir
77%
heut
77%
hoch
76%
nacht
76%
Einen
73%
einen
73%
schenk
69%
und
69%
himmelszelt
68%
liebe
62%
alle
59%
über
59%
er
58%
uns
57%
das
52%
unser
51%
unsere
51%
wacht
50%
zeiten
50%
überlebt
44%
dich
41%
es
41%
für
38%
mir
37%
im
36%
in
36%
mit
33%
an
31%
leb
31%
schon
31%
ist
30%
ewig
29%
seit
29%
immer
26%
jahren
26%
dafür
25%
danke
25%
hat
25%
als
24%
gott
24%
sein
24%
von
23%
auch
22%
leben
22%
noch
22%
wird
22%
ewigkeit
21%
gegeben
20%
geben
19%
geschenk
19%
zwei
19%
etwas
17%
möcht
17%
allen
15%
erinnerung
15%
platz
15%
tragen
15%
doch
14%
1000
12%
irgendwann
12%
oben
12%
schönste
12%
vorbei
12%
bleibt
10%
steh´n
1%
Keine übereinstimmenden Quizze gefunden
Verteilung der Resultate
Anzahl Personen mit jedem Resultat
Perzentil nach korrekt beantworteten Fragen
Ihre Resultats-Entwicklung
Sie haben dieses Quiz noch nicht gespielt